Statistics for Katowice Airport Destinations (Katowice, Poland)

Click here to take the quiz!

General Stats

  • This quiz has been taken 15 times
  • The average score is 44 of 83

Answer Stats

AirlineDestination% Correct
Wizz AirBarcelona
92%
Wizz AirLondon (Luton)
92%
RyanairLondon (Stansted)
92%
RyanairManchester
92%
Wizz AirRome (Fiumicino)
92%
LOT Polish AirlinesWarsaw (Chopin)
92%
Corendon Airlines/Electra Airways/Enter Air/LOT Polish Airlines/Smartwings/SunExpressAntalya
83%
Enter Air/Smartwings/Wizz AirBurgas
83%
RyanairDublin
83%
SmartwingsDubrovnik
83%
Air Dolomiti/LufthansaFrankfurt
83%
Buzz/SmartwingsHeraklion
83%
Wizz AirIbiza
83%
Buzz/Smartwings/Wizz AirLarnaca
83%
Wizz AirLeeds/Bradford
83%
Enter Air/Wizz AirMalaga
83%
Wizz AirNaples
83%
Electra Airways/Wizz AirPalma de Mallorca
83%
Enter Air/RyanairPaphos
83%
Buzz/Enter Air/SmartwingsRhodes
83%
Buzz/Enter Air/LOT Polish Airlines/Smartwings/Wizz AirTirana
83%
Enter Air/RyanairVarna
83%
Ryanair/Wizz AirAthens
75%
RyanairBergamo
75%
Wizz AirBristol
75%
LOT Polish Airlines/RyanairCatania
75%
Buzz/Enter Air/Smartwings/Wizz AirCorfu
75%
Enter Air/SmartwingsGran Canaria
75%
Buzz/Enter Air/SmartwingsKos
75%
Wizz AirMalta
75%
SmartwingsPalermo
75%
Smartwings/Wizz AirSplit
75%
Buzz/Enter Air/Wizz AirTenerife (South)
75%
SmartwingsFaro
67%
Enter Air/Smartwings/Wizz AirFunchal
67%
LOT Polish AirlinesKefalonia
67%
LOT Polish Airlines/Smartwings/Wizz AirPodgorica
67%
Wizz AirAbu Dhabi
58%
RyanairAlghero
58%
Electra Airways/Enter Air/Wizz AirFuerteventura
58%
Buzz/LOT Polish Airlines/Smartwings/SunExpressIzmir
58%
Enter Air/SmartwingsLanzarote
58%
RyanairOslo
58%
BuzzPreveza/Lefkada
58%
RyanairPula
58%
LOT Polish AirlinesTivat
58%
Wizz AirBergen
50%
Enter Air/LOT Polish AirlinesBodrum
50%
RyanairCologne/Bonn
50%
Wizz AirLiverpool
50%
Electra AirwaysOlbia
50%
Wizz AirTel Aviv
50%
Wizz AirEindhoven
42%
Electra Airways/Enter Air/SmartwingsHurghada
42%
Wizz AirReykjavik
42%
Enter AirSharm El Sheikh
42%
RyanairTreviso
42%
Ryanair/Wizz AirDortmund
33%
Wizz AirMalmo
33%
LOT Polish AirlinesOhrid
33%
Enter AirSal
33%
Enter Air/LOT Polish Airlines/SmartwingsGirona
25%
Wizz AirKutaisi
25%
Enter AirMarsa Alam
25%
Enter AirSkiathos
25%
LOT Polish AirlinesCancun
17%
Enter AirEnfidha
17%
SmartwingsKavala
17%
SmartwingsMarsa Matruh
17%
LOT Polish AirlinesMytilene
17%
Wizz AirSandefjord
17%
RyanairTrapani
17%
LOT Polish AirlinesBangkok (Suvarnabhumi)
8%
Enter AirBanjul
8%
Wizz AirCastellon
8%
RyanairForli
8%
LOT Polish AirlinesMale
8%
Enter AirMombasa
8%
LOT Polish AirlinesPhuket
8%
LOT Polish AirlinesPuerto Plata
8%
LOT Polish AirlinesPunta Cana
8%
LOT Polish AirlinesVaradero
8%
LOT Polish AirlinesMostar
0%

Score Distribution

Percentile by Number Answered

Percent of People with Each Score

Your Score History

You have not taken this quiz